[Event "Campeonato de España Universitario 2008"]
[Site "Madrid ESP"]
[Date "2008.05.08"]
[Round "1.27"]
[White "Gonzalez Berruga, Ana Isabel"]
[Black "Claros Egea, Christian"]
[Result "0-1"]
[WhiteElo "1986"]
[BlackElo "2240"]
[PlyCount "50"]
[EventDate "2008.05.08"]
[EventType "swiss"]
[EventRounds "9"]
[EventCountry "ESP"]
[Source "lmi"]
[SourceDate "2008.05.08"]

1. d4 d5 2. c4 e6 3. Nc3 Nf6 4. Nf3 c6 5. Bg5 dxc4 6. e4 b5 7. e5 h6 8. Bh4 g5
9. Nxg5 hxg5 10. Bxg5 Nbd7 11. exf6 Bb7 12. Be2 Bh6 13. Bxh6 Rxh6 14. Bf3 Qc7
15. Qd2 Rxf6 16. Ne4 Rf4 17. Ng3 O-O-O 18. Nh5 Rxf3 19. gxf3 c5 20. Ng3 cxd4
21. Qxd4 Ne5 22. Qxa7 Nxf3+ 23. Kf1 Nd2+ 24. Ke1 Qe5+ 25. Qe3 Qxb2 0-1

[Event "Campeonato de España Universitario 2008"]
[Site "Madrid ESP"]
[Date "2008.05.08"]
[Round "1.28"]
[White "Perez Felipe, Marcos Adrian"]
[Black "Pousada Garcia, Victor Daniel"]
[Result "1-0"]
[WhiteElo "2238"]
[BlackElo "1986"]
[PlyCount "66"]
[EventDate "2008.05.08"]
[EventType "swiss"]
[EventRounds "9"]
[EventCountry "ESP"]
[Source "lmi"]
[SourceDate "2008.05.08"]

1. d4 Nf6 2. c4 c5 3. d5 b5 4. cxb5 a6 5. b6 Qxb6 6. Nc3 g6 7. Nf3 Bg7 8. e4 d6
9. Nd2 O-O 10. Be2 Nbd7 11. O-O Ne5 12. h3 Rb8 13. Re1 a5 14. a4 Ba6 15. Nb5 c4
16. Nxc4 Nxc4 17. Bxc4 Rfc8 18. Bf1 Nd7 19. Be3 Nc5 20. Rb1 Qb7 21. Bd4 Bxd4
22. Qxd4 Nxa4 23. Nxd6 exd6 24. Bxa6 Qxa6 25. Qxa4 Rc4 26. Qd7 Rcb4 27. Rbc1
R4b7 28. Rc8+ Rxc8 29. Qxc8+ Kg7 30. Ra1 Qb5 31. Qc3+ Kg8 32. Rxa5 Qe8 33. Qc6
Qxe4 1-0

[Event "Campeonato de España Universitario 2008"]
[Site "Madrid ESP"]
[Date "2008.05.08"]
[Round "1.29"]
[White "Rodriguez Falcon, Jesus Manuel"]
[Black "Perez Campos, Adria"]
[Result "0-1"]
[WhiteElo "1981"]
[BlackElo "2229"]
[PlyCount "124"]
[EventDate "2008.05.08"]
[EventType "swiss"]
[EventRounds "9"]
[EventCountry "ESP"]
[Source "lmi"]
[SourceDate "2008.05.08"]

1. e4 c5 2. d3 Nc6 3. Nf3 g6 4. g3 Bg7 5. Bg2 d6 6. O-O e6 7. Nbd2 Nge7 8. Re1
O-O 9. c3 Rb8 10. a4 a6 11. Nf1 b5 12. axb5 axb5 13. d4 b4 14. Bf4 cxd4 15.
cxd4 e5 16. Be3 Bg4 17. d5 Nd4 18. Bxd4 exd4 19. Qd3 Qb6 20. Ra6 Qc5 21. N1d2
Bd7 22. Nb3 Qb5 23. Qxb5 Bxb5 24. Rxd6 Nc8 25. Rc6 Bxc6 26. dxc6 d3 27. Nc5
Bxb2 28. Nd7 Ne7 29. Nxf8 Kxf8 30. Bf1 Bc3 31. c7 Rc8 32. Rd1 Rxc7 33. Bxd3 b3
34. Kf1 Nc6 35. Ke2 Nb4 36. Bb1 Ke7 37. Nd4 b2 38. Nb5 Rc5 39. Nxc3 Rxc3 40.
Rd2 Rb3 41. f4 Na6 42. Rd5 Nc7 43. Rd3 Rb4 44. Ke3 Ne6 45. Rd5 h5 46. Kd3 Rb3+
47. Kc2 Rb5 48. Kc3 Rb6 49. Rd2 Nc5 50. Kc4 Na4 51. Rd3 Rb8 52. Ra3 Rc8+ 53.
Kb3 Rc1 54. Ka2 Nc5 55. Kxb2 Rh1 56. h4 Rh2+ 57. Kc3 Rg2 58. Kc4 Ne6 59. e5 Rb2
60. Be4 Rd2 61. Ra7+ Kd8 62. Bd5 Rd4+ 0-1

[Event "Campeonato de España Universitario 2008"]
[Site "Madrid ESP"]
[Date "2008.05.08"]
[Round "1.30"]
[White "Martinez Martin, Iñigo"]
[Black "Gomez Peco, David"]
[Result "1/2-1/2"]
[WhiteElo "2228"]
[BlackElo "1980"]
[PlyCount "50"]
[EventDate "2008.05.08"]
[EventType "swiss"]
[EventRounds "9"]
[EventCountry "ESP"]
[Source "lmi"]
[SourceDate "2008.05.08"]

1. e4 c5 2. c3 Nf6 3. e5 Nd5 4. Nf3 e6 5. Bc4 Nb6 6. Bb3 d6 7. exd6 Bxd6 8. d4
cxd4 9. Nxd4 O-O 10. O-O Nc6 11. Nb5 Be5 12. f4 Bf6 13. Be3 Nd5 14. Bxd5 exd5
15. N1a3 a6 16. Nd4 Re8 17. Nac2 Nxd4 18. Bxd4 Bf5 19. Ne3 Bxd4 20. Qxd4 Re4
21. Qxd5 Rxe3 22. Qxf5 Qb6 23. Rf2 Re2 24. Raf1 Qxb2 25. Qd3 Rae8 1/2-1/2

[Event "Campeonato de España Universitario 2008"]
[Site "Madrid ESP"]
[Date "2008.05.08"]
[Round "1.31"]
[White "Garcia Rodriguez, Vanessa"]
[Black "Hajmohamad Ali, Ehsan"]
[Result "0-1"]
[WhiteElo "1967"]
[BlackElo "2227"]
[PlyCount "120"]
[EventDate "2008.05.08"]
[EventType "swiss"]
[EventRounds "9"]
[EventCountry "ESP"]
[Source "lmi"]
[SourceDate "2008.05.08"]

1. e4 e5 2. Nf3 Nc6 3. d4 exd4 4. Nxd4 Nf6 5. Nc3 Bb4 6. Nxc6 bxc6 7. Bd3 d5 8.
exd5 cxd5 9. O-O O-O 10. Bg5 c6 11. Qf3 Bd6 12. Rfe1 Rb8 13. Rab1 h6 14. Bf4
Bg4 15. Qg3 Nh5 16. Qxg4 Nxf4 17. Bf1 Rb4 18. Qf3 Qg5 19. Ne2 Ng6 20. c3 Re4
21. Nd4 Qe5 22. Qg3 Rxe1 23. Rxe1 Qxe1 24. Qxd6 Ne5 25. Nxc6 Nxc6 26. Qxc6 Qd2
27. Qb5 Rd8 28. h3 d4 29. cxd4 Qxd4 30. b3 Rd6 31. a4 Rf6 32. Qb8+ Kh7 33. Qg3
g6 34. Bc4 Kg7 35. Bf1 Qf4 36. Qxf4 Rxf4 37. Bc4 f5 38. g3 Rd4 39. Kg2 g5 40.
Kf3 f4 41. Bb5 Kf6 42. Ba6 Ke5 43. Bc4 a5 44. Bb5 Kd6 45. h4 fxg3 46. hxg5 g2
47. Kxg2 Rg4+ 48. Kf3 Rxg5 49. Kf4 Rg1 50. Be2 Ke6 51. Ke3 Kf6 52. f4 Rg3+ 53.
Bf3 h5 54. Kf2 h4 55. Bd5 Kf5 56. Bc4 Kxf4 57. Bd5 h3 58. Bc4 Rg2+ 59. Kf1 Kf3
60. Bd5+ Kg3 0-1

[Event "Campeonato de España Universitario 2008"]
[Site "Madrid ESP"]
[Date "2008.05.08"]
[Round "1.32"]
[White "Navarro Ortiz De Ortuño, Borja Ed"]
[Black "Ceron Carrion, Cesar"]
[Result "1-0"]
[WhiteElo "2224"]
[BlackElo "1966"]
[PlyCount "63"]
[EventDate "2008.05.08"]
[EventType "swiss"]
[EventRounds "9"]
[EventCountry "ESP"]
[Source "lmi"]
[SourceDate "2008.05.08"]

1. d4 Nf6 2. Nf3 c5 3. d5 e6 4. dxe6 fxe6 5. g3 b6 6. Bg2 Bb7 7. O-O Be7 8. c4
O-O 9. Nc3 Nc6 10. Bf4 Nh5 11. Bc1 Qc7 12. Nb5 Qd8 13. Nd6 Ba6 14. b3 Qc7 15.
Nb5 Bxb5 16. cxb5 Nb4 17. Bb2 Bf6 18. Qd2 Rad8 19. e4 Bxb2 20. Qxb2 c4 21. Qc3
Nd3 22. bxc4 Nc5 23. e5 Rc8 24. Qd4 g6 25. Ng5 Ng7 26. Qh4 h5 27. Nf3 Nf5 28.
Qg5 Kh7 29. Rad1 Rf7 30. Qd2 Ne4 31. Qd3 Qxc4 32. Qxe4 1-0

[Event "Campeonato de España Universitario 2008"]
[Site "Madrid ESP"]
[Date "2008.05.08"]
[Round "1.33"]
[White "Ramos Del Campo, Alexander"]
[Black "Mayans Calvo, Mariano"]
[Result "0-1"]
[WhiteElo "1961"]
[BlackElo "2223"]
[PlyCount "64"]
[EventDate "2008.05.08"]
[EventType "swiss"]
[EventRounds "9"]
[EventCountry "ESP"]
[Source "lmi"]
[SourceDate "2008.05.08"]

1. e4 e6 2. d4 d5 3. exd5 exd5 4. c4 Nf6 5. Nc3 Be7 6. Nf3 O-O 7. Be2 dxc4 8.
Bxc4 Bg4 9. Be3 Nbd7 10. O-O Nb6 11. Be2 Nbd5 12. Ne5 Bxe2 13. Qxe2 c6 14. Rad1
Qa5 15. Bd2 Qc7 16. Rfe1 Rfe8 17. Qc4 Bd6 18. Nf3 h6 19. Rc1 Qd7 20. h3 Rxe1+
21. Rxe1 Re8 22. a3 Nxc3 23. bxc3 Rxe1+ 24. Bxe1 Qe7 25. a4 Qe4 26. Kf1 Nd5 27.
Nd2 Qc2 28. Qb3 Qd3+ 29. Kg1 Nxc3 30. Qxb7 Ne2+ 31. Kh1 Nxd4 32. Qxa7 Qe2 0-1

[Event "Campeonato de España Universitario 2008"]
[Site "Madrid ESP"]
[Date "2008.05.08"]
[Round "1.34"]
[White "Sanchez Saez, Francisco"]
[Black "Cruz Marquez, Francisco Cesar"]
[Result "1-0"]
[WhiteElo "2219"]
[BlackElo "1958"]
[PlyCount "75"]
[EventDate "2008.05.08"]
[EventType "swiss"]
[EventRounds "9"]
[EventCountry "ESP"]
[Source "lmi"]
[SourceDate "2008.05.08"]

1. e4 e5 2. Nc3 Nf6 3. f4 d5 4. fxe5 Nxe4 5. Qf3 Nxc3 6. dxc3 Qh4+ 7. g3 Qe4+
8. Qxe4 dxe4 9. Bg2 Bf5 10. Bf4 Na6 11. O-O-O Nc5 12. Ne2 Be7 13. Nd4 Bg6 14.
Nb5 Ne6 15. Rhe1 a6 16. Nd4 O-O-O 17. Bxe4 Bxe4 18. Rxe4 Rhe8 19. Ree1 Bc5 20.
Nf3 h6 21. h4 Nxf4 22. gxf4 Rxd1+ 23. Kxd1 Bf2 24. Rf1 Bg3 25. Nd4 Bxh4 26. Nf5
Bd8 27. Nxg7 Rg8 28. Nf5 h5 29. Ke2 h4 30. Kf3 h3 31. Rh1 Rg2 32. Ne3 Rd2 33.
Rxh3 c6 34. Rh7 Bb6 35. Nc4 Rf2+ 36. Kg3 Ba7 37. Rxf7 Re2 38. Nd6+ 1-0

[Event "Campeonato de España Universitario 2008"]
[Site "Madrid ESP"]
[Date "2008.05.08"]
[Round "1.35"]
[White "Perez Garcia, Jose Miguel"]
[Black "Gimeno Higueras, Roberto"]
[Result "0-1"]
[WhiteElo "1957"]
[BlackElo "2219"]
[PlyCount "66"]
[EventDate "2008.05.08"]
[EventType "swiss"]
[EventRounds "9"]
[EventCountry "ESP"]
[Source "lmi"]
[SourceDate "2008.05.08"]

1. d4 d5 2. c4 dxc4 3. Nf3 Nf6 4. e3 e6 5. Bxc4 a6 6. O-O c5 7. Qe2 b5 8. Bb3
c4 9. Bc2 Nc6 10. a4 Bb7 11. b3 cxb3 12. Bxb3 Na5 13. Bc2 b4 14. e4 Rc8 15. Bg5
Be7 16. Bd3 Nb3 17. Nbd2 Nxa1 18. Rxa1 a5 19. Bb5+ Kf8 20. e5 Nd5 21. Bxe7+
Qxe7 22. Ne4 Nc3 23. Nxc3 bxc3 24. Ne1 g6 25. Nc2 Qg5 26. Ne3 h5 27. Ba6 Bxa6
28. Qxa6 Kg7 29. Qxa5 Rhd8 30. Qb4 Qf4 31. a5 c2 32. Rc1 Rxd4 33. Qb5 Rd1+ 0-1

[Event "Campeonato de España Universitario 2008"]
[Site "Madrid ESP"]
[Date "2008.05.08"]
[Round "1.36"]
[White "Paredes Sanchez, Juan"]
[Black "Delgado Lozano, Andres"]
[Result "0-1"]
[WhiteElo "2215"]
[BlackElo "1951"]
[PlyCount "50"]
[EventDate "2008.05.08"]
[EventType "swiss"]
[EventRounds "9"]
[EventCountry "ESP"]
[Source "lmi"]
[SourceDate "2008.05.08"]

1. e4 c6 2. d4 d5 3. Nc3 dxe4 4. Nxe4 Nd7 5. Ng5 Ngf6 6. Bc4 e6 7. Qe2 Nb6 8.
Bb3 Bd6 9. N1f3 O-O 10. Bd2 Qe7 11. O-O-O a5 12. c4 c5 13. dxc5 Bxc5 14. Bc2 h6
15. Ne4 Nxe4 16. Qxe4 f5 17. Qe2 Bd7 18. Ne5 Rfc8 19. g4 Ba4 20. Bxa4 Nxa4 21.
gxf5 Bd4 22. Nd3 Rxc4+ 23. Kb1 e5 24. Rhg1 Kh7 25. Nf4 Nxb2 0-1

[Event "Campeonato de España Universitario 2008"]
[Site "Madrid ESP"]
[Date "2008.05.08"]
[Round "1.37"]
[White "Cabo Alvarez, Christian"]
[Black "Martin Alvarez, Iñigo"]
[Result "0-1"]
[WhiteElo "1946"]
[BlackElo "2214"]
[PlyCount "54"]
[EventDate "2008.05.08"]
[EventType "swiss"]
[EventRounds "9"]
[EventCountry "ESP"]
[Source "lmi"]
[SourceDate "2008.05.08"]

1. e4 d6 2. d4 Nf6 3. Nc3 e5 4. dxe5 dxe5 5. Qxd8+ Kxd8 6. Bg5 Be6 7. O-O-O+
Kc8 8. Nf3 Nbd7 9. Bxf6 gxf6 10. Be2 c6 11. a3 Rg8 12. Rhg1 b5 13. Ne1 a5 14.
Nd3 b4 15. axb4 axb4 16. Nb1 Bh6+ 17. f4 Bc4 18. Kd2 Bxd3 19. Kxd3 Bxf4 20. g3
Bh6 21. Kc4 Kc7 22. Bh5 Nb6+ 23. Kb3 Nd7 24. Bxf7 Rgb8 25. Kc4 b3 26. cxb3 Ra2
27. Kc3 Be3 0-1

[Event "Campeonato de España Universitario 2008"]
[Site "Madrid ESP"]
[Date "2008.05.08"]
[Round "1.38"]
[White "Aymerich Rosell, Pablo"]
[Black "Pitarch Miguel, Pablo"]
[Result "1-0"]
[WhiteElo "2210"]
[BlackElo "1944"]
[PlyCount "69"]
[EventDate "2008.05.08"]
[EventType "swiss"]
[EventRounds "9"]
[EventCountry "ESP"]
[Source "lmi"]
[SourceDate "2008.05.08"]

1. d4 Nf6 2. c4 e6 3. Nc3 c5 4. d5 exd5 5. cxd5 d6 6. e4 g6 7. f4 Bg7 8. Bb5+
Nfd7 9. a4 O-O 10. Nf3 Na6 11. O-O Nb4 12. Kh1 a6 13. Be2 Re8 14. f5 Ne5 15.
fxg6 fxg6 16. Bg5 Qc7 17. Qd2 Bg4 18. Nxe5 Bxe2 19. Rf7 Qc8 20. Nxe2 Rxe5 21.
Raf1 Qg4 22. Rxg7+ Kxg7 23. Bf6+ Kg8 24. Qh6 Qd7 25. Nf4 Rae8 26. Bxe5 dxe5 27.
Ne6 Qe7 28. Ng5 Qg7 29. Qxg7+ Kxg7 30. Ne6+ Kg8 31. Nxc5 b5 32. axb5 axb5 33.
h3 Rc8 34. Ne6 Nd3 35. d6 1-0

[Event "Campeonato de España Universitario 2008"]
[Site "Madrid ESP"]
[Date "2008.05.08"]
[Round "1.39"]
[White "Peiro Ibañez, Felipe"]
[Black "Martinez Lozano, Miguel Angel"]
[Result "1-0"]
[WhiteElo "1930"]
[BlackElo "2209"]
[PlyCount "57"]
[EventDate "2008.05.08"]
[EventType "swiss"]
[EventRounds "9"]
[EventCountry "ESP"]
[Source "lmi"]
[SourceDate "2008.05.08"]

1. e4 c5 2. Nf3 d6 3. d4 cxd4 4. Nxd4 Nf6 5. Nc3 a6 6. Be2 e5 7. Nb3 Be7 8. O-O
Be6 9. Bg5 Nbd7 10. Re1 O-O 11. Qd2 b5 12. a3 Qc7 13. Rad1 Rfd8 14. Qe3 h6 15.
Bxh6 gxh6 16. Qxh6 Bf8 17. Qg5+ Bg7 18. Rd3 Nf8 19. Rg3 Ng6 20. Bh5 Nxh5 21.
Qxh5 a5 22. h4 b4 23. Nd5 Bxd5 24. exd5 Qxc2 25. Qg5 Qxb2 26. h5 bxa3 27. hxg6
f6 28. Qf5 Re8 29. Qd7 1-0

[Event "Campeonato de España Universitario 2008"]
[Site "Madrid ESP"]
[Date "2008.05.08"]
[Round "1.40"]
[White "Zamarbide Iñarrea, Borja"]
[Black "Marco Francisco, Miriam"]
[Result "1-0"]
[WhiteElo "2202"]
[BlackElo "1920"]
[PlyCount "55"]
[EventDate "2008.05.08"]
[EventType "swiss"]
[EventRounds "9"]
[EventCountry "ESP"]
[Source "lmi"]
[SourceDate "2008.05.08"]

1. e4 e5 2. Nc3 Nf6 3. f4 d5 4. fxe5 Nxe4 5. d3 Nxc3 6. bxc3 c5 7. Nf3 Nc6 8.
Be2 Be7 9. O-O d4 10. Qe1 dxc3 11. Qg3 g6 12. Kh1 Be6 13. Ng5 Nd4 14. Bd1 Nf5
15. Qg4 Qd7 16. Nxe6 Qxe6 17. Qa4+ Kd8 18. Bf3 Kc7 19. Rb1 Rhb8 20. Qa5+ Kc8
21. Qxc3 Nd4 22. Be4 Nc6 23. Bf4 Kd7 24. a3 b5 25. Qd2 Rb6 26. c4 Rab8 27. Bd5
Qg4 28. e6+ 1-0

[Event "Campeonato de España Universitario 2008"]
[Site "Madrid ESP"]
[Date "2008.05.08"]
[Round "1.41"]
[White "Cobo Montejo, Miguel Angel"]
[Black "Jimenez Martinez, Jose Vicente"]
[Result "0-1"]
[WhiteElo "1918"]
[BlackElo "2202"]
[PlyCount "58"]
[EventDate "2008.05.08"]
[EventType "swiss"]
[EventRounds "9"]
[EventCountry "ESP"]
[Source "lmi"]
[SourceDate "2008.05.08"]

1. d4 g6 2. Nf3 Bg7 3. Bg5 d6 4. c3 Nf6 5. Nbd2 O-O 6. e4 c5 7. dxc5 dxc5 8.
Bc4 Nc6 9. O-O h6 10. Be3 b6 11. Qa4 Bb7 12. Bb5 Qc7 13. h3 a6 14. Bxc6 Bxc6
15. Qc2 Qb7 16. e5 Nd5 17. e6 f5 18. Nc4 Nxe3 19. fxe3 Qc7 20. Rad1 b5 21. Ncd2
Bd5 22. Nh4 Qg3 23. e4 fxe4 24. Nxe4 Rxf1+ 25. Rxf1 Qxh4 26. Nxc5 Qg3 27. Ne4
Qe3+ 28. Nf2 Rf8 29. Qxg6 Bc4 0-1

[Event "Campeonato de España Universitario 2008"]
[Site "Madrid ESP"]
[Date "2008.05.08"]
[Round "1.42"]
[White "Garcia Mendoza, Francisco"]
[Black "Sanchez Jimenez, David"]
[Result "1-0"]
[WhiteElo "2195"]
[BlackElo "1916"]
[PlyCount "93"]
[EventDate "2008.05.08"]
[EventType "swiss"]
[EventRounds "9"]
[EventCountry "ESP"]
[Source "lmi"]
[SourceDate "2008.05.08"]

1. e4 e5 2. f4 Nc6 3. Nf3 Bc5 4. Bc4 d6 5. h3 Be6 6. Bb5 Nf6 7. Nc3 O-O 8. d3
Nh5 9. Ne2 exf4 10. d4 Nxd4 11. Nexd4 Ng3 12. Rh2 Qf6 13. Qd3 c6 14. Ba4 Rfe8
15. Kf2 Bd5 16. c3 Rxe4 17. Bd2 Rae8 18. Bd1 b5 19. b3 b4 20. Rc1 h5 21. h4 a5
22. Rh3 Qg6 23. Bc2 Re2+ 24. Kg1 Be4 25. Rxg3 Bxd3 26. Rxg6 Bxg6 27. Bxg6 fxg6
28. Kf1 R2e4 29. Nxc6 bxc3 30. Rxc3 Re2 31. Be1 Rxa2 32. Nfd4 Ra1 33. Nf3 Ra2
34. Ncd4 Bb4 35. Rc1 Bxe1 36. Nxe1 a4 37. bxa4 Rxa4 38. Nef3 d5 39. Rc6 Ra1+
40. Kf2 Ra2+ 41. Kg1 Rf8 42. Rxg6 Rf6 43. Rg5 Ra5 44. Rxh5 Rc5 45. Re5 Ra5 46.
Ng5 Rf8 47. Re7 1-0

[Event "Campeonato de España Universitario 2008"]
[Site "Madrid ESP"]
[Date "2008.05.08"]
[Round "1.43"]
[White "Gil Rodriguez, Isabel"]
[Black "Alarcia Astiz, Carlos"]
[Result "0-1"]
[WhiteElo "1916"]
[BlackElo "2191"]
[PlyCount "106"]
[EventDate "2008.05.08"]
[EventType "swiss"]
[EventRounds "9"]
[EventCountry "ESP"]
[Source "lmi"]
[SourceDate "2008.05.08"]

1. c4 e6 2. g3 Nf6 3. Bg2 d5 4. b3 Be7 5. Bb2 O-O 6. Nf3 c6 7. O-O b6 8. e3
Nbd7 9. d4 Bb7 10. Nc3 Rc8 11. Re1 Re8 12. e4 dxe4 13. Nxe4 c5 14. Nc3 cxd4 15.
Qxd4 Nc5 16. Rad1 Qxd4 17. Rxd4 Red8 18. Red1 Rxd4 19. Rxd4 Na6 20. Nb5 Bc5 21.
Rf4 Rd8 22. h3 Rd1+ 23. Kh2 Bxf2 24. Bxf6 gxf6 25. Rxf6 Nc5 26. Rf4 f5 27. Nc3
Rd3 28. Ne2 Re3 29. Nfg1 Bxg2 30. Kxg2 Be1 31. Rf1 Nd3 32. Rf3 Bd2 33. Rxe3
Bxe3 34. Nf3 Kf7 35. Ned4 Nc1 36. a3 Kf6 37. b4 Nd3 38. Nc6 a6 39. Nfd4 Nb2 40.
c5 bxc5 41. bxc5 Nd3 42. Kf3 Bc1 43. Nc2 Nxc5 44. N6d4 e5 45. Nc6 e4+ 46. Ke2
Bb2 47. Ke3 h5 48. N6d4 a5 49. Ne2 a4 50. Nf4 h4 51. Ne2 hxg3 52. Nxg3 Ke5 53.
Ne2 f4+ 0-1

[Event "Campeonato de España Universitario 2008"]
[Site "Madrid ESP"]
[Date "2008.05.08"]
[Round "1.44"]
[White "Alonso Alvarez, Aitor"]
[Black "Litran Sirvent, Oscar"]
[Result "1-0"]
[WhiteElo "2190"]
[BlackElo "1910"]
[PlyCount "63"]
[EventDate "2008.05.08"]
[EventType "swiss"]
[EventRounds "9"]
[EventCountry "ESP"]
[Source "lmi"]
[SourceDate "2008.05.08"]

1. g3 d5 2. f4 c5 3. Nf3 Nc6 4. Bg2 Nf6 5. O-O g6 6. d3 Bg7 7. c3 O-O 8. Qc2
Re8 9. e4 dxe4 10. dxe4 e5 11. Nxe5 Nxe5 12. fxe5 Ng4 13. Na3 Nxe5 14. Bf4 Be6
15. Bxe5 Bxe5 16. Qe2 Qc7 17. Nc2 Rad8 18. Ne3 h5 19. Qc2 h4 20. gxh4 Bxh2+ 21.
Kh1 Bg3 22. Qe2 Bxh4 23. Ng4 Bxg4 24. Qxg4 Qg3 25. Qe2 Bg5 26. Rf3 Qh4+ 27. Rh3
Qf4 28. Rf1 Rd2 29. Qb5 Qe5 30. Qxb7 Re7 31. Qc8+ Kg7 32. Qh8# 1-0

[Event "Campeonato de España Universitario 2008"]
[Site "Madrid ESP"]
[Date "2008.05.08"]
[Round "1.45"]
[White "Martinez Sanchez, Carmen"]
[Black "Eyo Castro-rial, Alberto"]
[Result "0-1"]
[WhiteElo "1907"]
[BlackElo "2189"]
[PlyCount "78"]
[EventDate "2008.05.08"]
[EventType "swiss"]
[EventRounds "9"]
[EventCountry "ESP"]
[Source "lmi"]
[SourceDate "2008.05.08"]

1. e4 e6 2. d4 d5 3. exd5 exd5 4. Nf3 Nf6 5. Bd3 Be7 6. O-O O-O 7. Re1 Bg4 8.
h3 Bh5 9. Nbd2 c5 10. dxc5 Bxc5 11. Nf1 Qb6 12. Be3 d4 13. Bg5 Nbd7 14. Ng3 Bg6
15. Rb1 a5 16. a3 a4 17. Nh4 Rfe8 18. Nxg6 hxg6 19. Bf4 Nd5 20. Bg5 Ne5 21. h4
Nxd3 22. cxd3 Rxe1+ 23. Qxe1 Qb5 24. Qd1 f6 25. Bd2 Qxd3 26. h5 Bd6 27. hxg6
Bxg3 28. fxg3 Qxg6 29. Be1 Qe4 30. Bf2 Ne3 31. Bxe3 dxe3 32. Rc1 Re8 33. Qe2
Qe5 34. Rc4 b5 35. Rh4 Rd8 36. Rh5 Qxg3 37. Rxb5 Rc8 38. Qd1 e2 39. Qd5+ Kf8
0-1

[Event "Campeonato de España Universitario 2008"]
[Site "Madrid ESP"]
[Date "2008.05.08"]
[Round "1.46"]
[White "Serrano Bozada, Esteban"]
[Black "Ortiz Fernandez, David"]
[Result "1-0"]
[WhiteElo "2188"]
[BlackElo "1905"]
[PlyCount "57"]
[EventDate "2008.05.08"]
[EventType "swiss"]
[EventRounds "9"]
[EventCountry "ESP"]
[Source "lmi"]
[SourceDate "2008.05.08"]

1. e4 e6 2. d4 d5 3. e5 c5 4. c3 Qb6 5. Bd3 Bd7 6. Qe2 cxd4 7. Nf3 Nc6 8. O-O
Nge7 9. Rd1 dxc3 10. Nxc3 Ng6 11. h4 d4 12. Nb5 Bc5 13. h5 Nge7 14. h6 gxh6 15.
Bxh6 Nb4 16. Na3 Nxd3 17. Qxd3 Nf5 18. Nc4 Qa6 19. Bf4 Bb5 20. Nfd2 Qc6 21. b3
Rg8 22. Ne4 Rc8 23. Rac1 Bxc4 24. Rxc4 Nh4 25. Bg3 Nf5 26. Rxc5 Qxc5 27. Nxc5
Rxc5 28. b4 Rc6 29. Qb5 1-0

[Event "Campeonato de España Universitario 2008"]
[Site "Madrid ESP"]
[Date "2008.05.08"]
[Round "1.47"]
[White "Devesa Raris, Victor Hugo"]
[Black "Burguete Archel, Eduardo"]
[Result "0-1"]
[WhiteElo "1903"]
[BlackElo "2179"]
[PlyCount "50"]
[EventDate "2008.05.08"]
[EventType "swiss"]
[EventRounds "9"]
[EventCountry "ESP"]
[Source "lmi"]
[SourceDate "2008.05.08"]

1. e4 e5 2. Nf3 Nc6 3. Bb5 a6 4. Ba4 Nf6 5. O-O Bc5 6. d3 b5 7. Bb3 d6 8. a4
Bg4 9. c3 O-O 10. h3 Bxf3 11. Qxf3 Na5 12. Bc2 b4 13. Nd2 Rb8 14. Qd1 d5 15. d4
exd4 16. e5 Ne4 17. Nxe4 dxe4 18. cxd4 Qxd4 19. Qg4 Qxe5 20. Bf4 Qe7 21. Bg5 f6
22. Bh4 Rbe8 23. Rfe1 Qf7 24. Qf5 Re5 25. Qf4 g5 0-1

[Event "Campeonato de España Universitario 2008"]
[Site "Madrid ESP"]
[Date "2008.05.08"]
[Round "1.48"]
[White "Muñoz Navarro, Alberto"]
[Black "Gueler Verdasco, Martin"]
[Result "1-0"]
[WhiteElo "2178"]
[BlackElo "1887"]
[PlyCount "64"]
[EventDate "2008.05.08"]
[EventType "swiss"]
[EventRounds "9"]
[EventCountry "ESP"]
[Source "lmi"]
[SourceDate "2008.05.08"]

1. e4 c5 2. Nf3 Nc6 3. d4 cxd4 4. Nxd4 Nf6 5. Nc3 e6 6. Ndb5 Bb4 7. a3 Bxc3+ 8.
Nxc3 d5 9. exd5 exd5 10. Bd3 O-O 11. O-O h6 12. Re1 d4 13. Ne2 Re8 14. Bf4 Qd5
15. Ng3 Rxe1+ 16. Qxe1 Bd7 17. Qf1 Nh5 18. Bc4 Nxg3 19. Bxd5 Nxf1 20. Kxf1 Be6
21. Bxc6 bxc6 22. Ke2 Bc4+ 23. Kd2 Re8 24. Re1 Rxe1 25. Kxe1 d3 26. b3 Bd5 27.
c4 Bxg2 28. Kd2 Be4 29. Be3 a6 30. Kc3 Kf8 31. Kb4 Ke7 32. Ka5 Kd6 1-0

[Event "Campeonato de España Universitario 2008"]
[Site "Madrid ESP"]
[Date "2008.05.08"]
[Round "1.50"]
[White "Pazos Porta, Antonio"]
[Black "Zamarreño Cuerda, Eva"]
[Result "1-0"]
[WhiteElo "2176"]
[BlackElo "1839"]
[PlyCount "53"]
[EventDate "2008.05.08"]
[EventType "swiss"]
[EventRounds "9"]
[EventCountry "ESP"]
[Source "lmi"]
[SourceDate "2008.05.08"]

1. e4 e5 2. Nf3 Nc6 3. Bb5 Nge7 4. d4 exd4 5. Nxd4 g6 6. Nc3 Bg7 7. Be3 O-O 8.
h4 a6 9. Bc4 Na5 10. Be2 d5 11. exd5 Nxd5 12. Nxd5 Qxd5 13. h5 Nc4 14. Bxc4
Qxc4 15. c3 Qd5 16. Qb3 Qxb3 17. Nxb3 Bf5 18. O-O-O gxh5 19. Rd5 Bg6 20. Rd7
Rac8 21. Nc5 b6 22. Nxa6 Ra8 23. Nxc7 Rxa2 24. Rh4 Rc8 25. Nd5 Bf5 26. Ne7+ Kf8
27. Nxf5 1-0

[Event "Campeonato de España Universitario 2008"]
[Site "Madrid ESP"]
[Date "2008.05.08"]
[Round "1.51"]
[White "Urbano Romero, Jonas"]
[Black "Ibarra Jerez, Juan Miguel"]
[Result "0-1"]
[WhiteElo "1822"]
[BlackElo "2176"]
[PlyCount "74"]
[EventDate "2008.05.08"]
[EventType "swiss"]
[EventRounds "9"]
[EventCountry "ESP"]
[Source "lmi"]
[SourceDate "2008.05.08"]

1. e4 c5 2. Nf3 d6 3. c3 Nf6 4. Qc2 g6 5. d4 cxd4 6. cxd4 Bg7 7. Nc3 Bg4 8.
Bb5+ Nfd7 9. Be3 Bxf3 10. gxf3 O-O 11. O-O a6 12. Bc4 Nc6 13. Rad1 Rc8 14. Bb3
b5 15. Qd2 Na5 16. Kh1 Nf6 17. Nd5 Nxd5 18. Bxd5 e6 19. Bb3 d5 20. e5 Nc4 21.
Bxc4 dxc4 22. Rg1 Qd5 23. Rg3 f6 24. Qe2 fxe5 25. dxe5 Qxe5 26. Rd2 Rcd8 27.
Rc2 Rf5 28. Kg2 Rd3 29. b3 Qd5 30. bxc4 bxc4 31. Rg4 c3 32. a3 Bf8 33. a4 a5
34. Re4 h5 35. Qe1 Bb4 36. Qe2 Qd7 37. Ra2 g5 0-1

[Event "Campeonato de España Universitario 2008"]
[Site "Madrid ESP"]
[Date "2008.05.08"]
[Round "1.52"]
[White "Gonzalez Merino, Alberto"]
[Black "Moya Hernandez, Alvaro"]
[Result "1-0"]
[WhiteElo "2174"]
[BlackElo "1809"]
[PlyCount "75"]
[EventDate "2008.05.08"]
[EventType "swiss"]
[EventRounds "9"]
[EventCountry "ESP"]
[Source "lmi"]
[SourceDate "2008.05.08"]

1. d4 Nf6 2. c4 d6 3. Nc3 c6 4. e4 Qc7 5. Bd3 e5 6. d5 c5 7. h3 g6 8. Be3 a6 9.
a4 a5 10. Qd2 Bg7 11. O-O-O Nbd7 12. g4 b6 13. Nge2 Ba6 14. Ng3 O-O-O 15. g5
Ng8 16. h4 h5 17. gxh6 Bxh6 18. h5 Bxe3 19. Qxe3 gxh5 20. Nxh5 Ne7 21. Qf3 Rdf8
22. Rdg1 Ng6 23. Bf1 Kb8 24. b3 Qd8 25. Ne2 Bc8 26. Neg3 Qg5+ 27. Kc2 Nh4 28.
Qd1 Nf6 29. Nf5 Qxh5 30. Be2 Nxf5 31. Bxh5 Nd4+ 32. Kb2 Nxe4 33. Qe1 f5 34. Rg7
Nf6 35. Bd1 Rxh1 36. Qxh1 Bd7 37. Qh6 Kc8 38. Re7 1-0